| 000 | 00846nam a2200181Ia 4500 | ||
|---|---|---|---|
| 008 | 090201s9999 xx 000 0 und d | ||
| 010 | _aKPL-72110 | ||
| 040 | _bमराठी | ||
| 041 | _aमराठी | ||
| 082 |
_a52397 _b72110 |
||
| 100 | _aशशिकांत किणीकर | ||
| 245 |
_aभारतीय चित्रपटसृष्टीचे आद्य प्रवर्तक दादासाहेब तोरणे (रामबाग) _cशशिकांत किणीकर |
||
| 250 | _a1 | ||
| 260 |
_c2007 _bपारस पब्लिकेशन्स् |
||
| 300 |
_a176 _bमध्यम |
||
| 600 | _aभारतीय चित्रपटसृष्टीचे आद्य प्रवर्तक दादासाहेब तोरणे (रामबाग) | ||
| 942 | _cBOOK | ||
| 999 |
_c248846 _d248846 |
||